000 00582nam a2200229Ia 4500
003 OSt
005 20220924133656.0
006 a|||||r|||| 00| 0
007 ta
008 220923b |||||||| |||| 00| 0 mal d
024 _a267827
037 _cTextual
040 _aARTS
_cARTS
_bmal
041 _2mal
_amal
082 _aO32,3N07x, J8
100 _aKittunni C. A.
_9207048
245 0 _aAnpathezh aale konnu
260 _c1958
650 _aMALAYALAM LITERATURE
_938866
942 _hO32,3N07x, J8
_cTEXL
_2CC
999 _c434703
_d434703